[Event "Vienna Ottakring 100 Years"]
[Site "Vienna"]
[Date "2023.09.01"]
[Round "7"]
[White "Baumegger, Siegfried"]
[Black "Mandukhai, Myagmarsuren"]
[Result "1/2-1/2"]
[WhiteElo "2415"]
[BlackElo "1999"]
[PlyCount "146"]
[EventDate "2023.08.26"]
[EventType "swiss"]
[EventRounds "9"]
[EventCountry "AUT"]
[SourceTitle "EXT 2024"]
[Source "ChessBase"]
[SourceDate "2023.10.10"]
[SourceVersion "1"]
[SourceVersionDate "2023.10.10"]
[SourceQuality "1"]

1. Nf3 d5 2. c4 c6 3. g3 Nf6 4. Bg2 Bf5 5. Qb3 Qb6 6. d3 e6 7. Be3 Qxb3 8. axb3 a6 9. Nh4 Bg6 10. Nc3 Be7 11. h3 Nbd7 12. 0-0 0-0 13. Nxg6 hxg6 14. d4 Nh7 15. Bd2 Bf6 16. e3 Rfe8 17. Rfd1 Nb6 18. Ne2 Bd8 19. Rac1 f5 20. Nf4 Kf7 21. Nd3 Nd7 22. g4 Ng5 23. f3 Rh8 24. Nf2 Nb6 25. Be1 Bc7 26. h4 Nh7 27. Nd3 Nf6 28. g5 Nfd7 29. e4 Rae8 30. Bf2 Bb8 31. Nc5 Bf4 32. Nxb7 Rb8 33. Na5 Bxc1 34. Rxc1 Rbc8 35. c5 Na8 36. exd5 exd5 37. f4 Nb8 38. Nb7 Kf8 39. Nd6 Rd8 40. Be1 Rd7 41. Bf1 Nc7 42. Kg2 Ne6 43. Kg3 Re7 44. Bf2 Nd8 45. Ra1 Nf7 46. Nc8 Rb7 47. Nb6 Nd6 48. Be1 Ne4+ 49. Kg2 Kf7 50. Bd3 Ra7 51. b4 Nd7 52. Nxd7 Rxd7 53. Rxa6 Rc7 54. Bc2 Re8 55. Kf1 Rce7 56. Ra1 Rc8 57. Bd3 Rcc7 58. b5 cxb5 59. Bxb5 Ra7 60. Rxa7 Rxa7 61. Bc6 Ke6 62. b4 Ra1 63. b5 Nd2+ 64. Ke2 Nb3 65. Bc3 Ra2+ 66. Ke3 Rh2 67. b6 Rh3+ 68. Kf2 Rxc3 69. b7 Rc2+ 70. Ke3 Rc3+ 71. Kf2 Rc2+ 72. Ke1 Rc1+ 73. Kf2 Rc2+ 1/2-1/2

[Event "Eastern Asia-ch zt 3.3 (Women)"]
[Site "Ulaanbaatar"]
[Date "2019.04.13"]
[Round "7"]
[White "Mandukhai, Myagmarsuren"]
[Black "Sukandar, Irine Kharisma"]
[Result "0-1"]
[WhiteElo "1902"]
[BlackElo "2384"]
[PlyCount "60"]
[EventDate "2019.04.07"]
[EventType "swiss"]
[EventRounds "9"]
[EventCountry "MGL"]
[SourceTitle "CBM 189 Extra"]
[Source "ChessBase"]
[SourceDate "2019.06.03"]
[SourceVersion "1"]
[SourceVersionDate "2019.06.03"]
[SourceQuality "1"]

1. d4 Nf6 2. c4 e6 3. Nc3 Bb4 4. g3 c5 5. Nf3 b6 6. Bg2 Bb7 7. 0-0 0-0 8. d5 Bxc3 9. bxc3 Re8 10. Nh4 e5 11. e4 d6 12. f4 exf4 13. Bxf4 Bc8 14. Bg5 Nbd7 15. Nf5 h6 16. Qc1 hxg5 17. Qxg5 g6 18. Bh3 Ne5 19. Nh6+ Kg7 20. Bxc8 Rxc8 21. Nf5+ Kg8 22. Nh6+ Kh7 23. Kh1 Nxe4 24. Qf4 Ng5 25. h4 Kxh6 26. Kg2 f5 27. hxg5+ Kg7 28. Rh1 Nf7 29. Rh4 Qxg5 30. Qf2 Rh8 0-1

[Event "Eastern Asia-ch zt 3.3 (Women)"]
[Site "Ulaanbaatar"]
[Date "2019.04.11"]
[Round "5"]
[White "Mandukhai, Myagmarsuren"]
[Black "Sihite, Chelsie Monica"]
[Result "0-1"]
[WhiteElo "1902"]
[BlackElo "2227"]
[PlyCount "66"]
[EventDate "2019.04.07"]
[EventType "swiss"]
[EventRounds "9"]
[EventCountry "MGL"]
[SourceTitle "CBM 189 Extra"]
[Source "ChessBase"]
[SourceDate "2019.06.03"]
[SourceVersion "1"]
[SourceVersionDate "2019.06.03"]
[SourceQuality "1"]

1. d4 Nf6 2. c4 b6 3. Nc3 Bb7 4. Nf3 e6 5. g3 Ne4 6. Bg2 Nxc3 7. bxc3 Be7 8. 0-0 0-0 9. Qc2 f5 10. d5 Bf6 11. Rd1 Qc8 12. Bg5 Bxg5 13. Nxg5 e5 14. e4 f4 15. gxf4 Rxf4 16. Nh3 Rh4 17. f4 d6 18. f5 Qd8 19. Rf1 Nd7 20. Qd2 Rh5 21. Rf3 Qf6 22. Rg3 Nc5 23. Kh1 Qh6 24. Qe2 Rf8 25. Rg1 Kh8 26. Qf1 Rh4 27. Bf3 Rg8 28. Qg2 Nd3 29. Ng5 Qf6 30. Rh3 Rxh3 31. Qxh3 Nf2+ 32. Kg2 Nxh3 33. Kxh3 g6 0-1

[Event "Eastern Asia-ch zt 3.3 (Women)"]
[Site "Ulaanbaatar"]
[Date "2019.04.07"]
[Round "1"]
[White "Urangoo, Kherlenzorig"]
[Black "Mandukhai, Myagmarsuren"]
[Result "0-1"]
[WhiteElo "1475"]
[BlackElo "1902"]
[PlyCount "96"]
[EventDate "2019.04.07"]
[EventType "swiss"]
[EventRounds "9"]
[EventCountry "MGL"]
[SourceTitle "CBM 189 Extra"]
[Source "ChessBase"]
[SourceDate "2019.06.03"]
[SourceVersion "1"]
[SourceVersionDate "2019.06.03"]
[SourceQuality "1"]

1. e4 e5 2. Nf3 Nc6 3. d4 exd4 4. Nxd4 Nf6 5. Nxc6 bxc6 6. e5 Qe7 7. Qe2 Nd5 8. c4 Nb6 9. b3 Qe6 10. Bb2 g6 11. g3 Bg7 12. Bg2 0-0 13. 0-0 Ba6 14. Re1 Rfe8 15. Nd2 Rab8 16. Ne4 Qe7 17. Qf3 Nxc4 18. Bd4 Nxe5 19. Qc3 Qb4 20. Qxb4 Rxb4 21. Bc3 Rbb8 22. Nc5 Nd3 23. Rxe8+ Rxe8 24. Bxg7 Nxc5 25. Bd4 Ne6 26. Be3 c5 27. Rd1 d6 28. Bd5 Nd8 29. Bf3 Bb7 30. Be2 Ne6 31. Bc4 Nd4 32. Bxd4 cxd4 33. f4 c5 34. Kf2 Re3 35. Re1 Rxe1 36. Kxe1 Be4 37. Kd2 d5 38. Bb5 a5 39. a3 f5 40. Bd7 Kf7 41. Bc6 c4 42. b4 c3+ 43. Ke1 axb4 44. axb4 d3 45. Ba4 Bf3 46. b5 Ke7 47. b6 Kd8 48. b7 Kc7 0-1

[Event "Wch U14 Girls"]
[Site "Montevideo"]
[Date "2017.09.19"]
[Round "4"]
[White "Harazinska, Magdalena"]
[Black "Mandukhai, Myagmarsuren"]
[Result "1/2-1/2"]
[WhiteElo "1942"]
[BlackElo "1684"]
[PlyCount "131"]
[EventDate "2017.09.17"]
[EventType "swiss"]
[EventRounds "11"]
[EventCountry "URU"]
[SourceTitle "CBM 180 Extra"]
[Source "ChessBase"]
[SourceDate "2017.10.06"]
[SourceVersion "1"]
[SourceVersionDate "2017.10.06"]
[SourceQuality "1"]

1. d4 d5 2. c4 c6 3. Nf3 Nf6 4. Bg5 e6 5. e3 Be7 6. Nc3 Nbd7 7. cxd5 Nxd5 8. Bxe7 Qxe7 9. Nxd5 exd5 10. Bd3 Nf6 11. Qc2 Ne4 12. 0-0 0-0 13. Bxe4 dxe4 14. Nd2 Re8 15. Qc5 Qxc5 16. dxc5 Re5 17. b4 Be6 18. Rfd1 Bg4 19. f3 exf3 20. gxf3 Bh3 21. Kf2 b6 22. cxb6 axb6 23. f4 Rb5 24. a3 Be6 25. Ne4 Rh5 26. Kg1 Bd5 27. Ng3 Rh6 28. e4 Bc4 29. Rac1 b5 30. Rc3 Kf8 31. Rd2 Re6 32. Kf2 Rae8 33. a4 h5 34. h4 g6 35. a5 Ke7 36. Ra3 Ra8 37. Ra1 c5 38. bxc5 Rc6 39. e5 Rxc5 40. Ne4 Rd5 41. Ke3 b4 42. Rd4 Rxd4 43. Kxd4 Be6 44. a6 b3 45. Kc3 Rc8+ 46. Kb2 Rc2+ 47. Ka3 b2 48. Rb1 Rc6 49. a7 Ra6+ 50. Kxb2 Rxa7 51. Nc5 Ra5 52. Rc1 Ra2+ 53. Kc3 Rf2 54. Nd3 Rf3 55. Kd4 Bf5 56. Rc7+ Kf8 57. Nc5 Rxf4+ 58. Kd5 Rxh4 59. e6 fxe6+ 60. Ke5 Rb4 61. Kf6 e5 62. Kxe5 Rb5 63. Kf6 Rb6+ 64. Kg5 Rd6 65. Ra7 Rd5 66. Na4 1/2-1/2